000 00600nam a2200169 4500
999 _c17045
_d17045
008 220601b ||||| |||| 00| 0 eng d
022 _a0091-4169
082 _aDPer 364.05 J82 2011 Vol. 101, No. 1
100 _aBryden, David P.
_945321
245 _aThe search for rapists' "real" motives/
_cDavid P. Bryden and Maren M. Grier.
260 _aEvanston:
_bNorthwestern University Press,
_c©2011.
300 _av101 n1, pages 171-278;
_b25 cm.
500 _aThe Journal of Criminal Law and Criminology.
650 _aSex crimes.
_945322
700 _aGrier, M.M.
_eAuthor.
_945323
942 _2ddc
_cPER